| 000 | 00632nam a2200193 a 4500 | ||
|---|---|---|---|
| 005 | 20210219160447.0 | ||
| 008 | 081109s2001 mx r 000 0 spa d | ||
| 035 | _aUPN01000165912 | ||
| 049 | _aUNE | ||
| 080 | _a37 (7/8) "1980-2000" SIT. | ||
| 245 | 0 | 0 | _aSituación educativa de América Latina y el Caribe, 1980-2000. |
| 260 |
_aSantiago de Chile: _bOREALC, _c2001. |
||
| 300 |
_a633 p. ; _bcuadr. |
||
| 690 | _aDesarrollo de la educación | ||
| 690 | _aAmérica Latina | ||
| 710 | 2 | _aProyecto Principal de Educación para América Latina y el Caribe | |
| 710 | 2 | _aSIRI. Sistema Regional de Información | |
| 905 | _aUNESCO | ||
| 999 |
_c138024 _d138024 |
||